000 01058nam a2200241 i 4500
001 75040
003 ES-MaACL
005 20250822062530.0
007 t|
008 040922s1949 sp ||||1| spa d
100 1 _aGoya, Francisco de,
_d1746-1828
_9240353
245 1 0 _aGoya
_b: (cinco estudios) /
_cpor José Camón Aznar...[et al.].
260 _aZaragoza :
_bInstitución Fernando el Católico, Consejo Superior de Investigaciones Científicas :
_bDiputación Provincial de Zaragoza,
_c1949.
300 _a123 p., 20 lám. ;
_c27 cm.
505 8 _aContiene: Goya y el arte moderno. Paret, de Goya coetaneo y dispar. Goya y el arte francés. Los niños en las obras de Goya. La música teatral en la época de Goya
600 1 4 _aGoya, Francisco de,
_d1746-1828
_9240353
700 1 _aCamón Aznar, José,
_d1898-1979
_934095
710 2 _aInstitución "Fernando el Católico"
_94721
710 1 _aZaragoza (Provincia).
_bDiputación Provincial.
_97585
852 _aES-MaACL
_jD-7070
_bR.30915
942 _2udc
999 _c75040
_d75040